| 000 | 00953nam a2200205Ii 4500 | ||
|---|---|---|---|
| 003 | JO-AjNU | ||
| 008 | 230605s9999||||xx |||||||||||||| ||und|| | ||
| 040 |
_aJO-AjNU _bara _erda _cJO-AjNU |
||
| 041 | _aara | ||
| 050 | 1 | 4 | _aBP70.S85.1983 |
| 100 | 3 |
_aالسيوطي،جلال الدين عبد الرحمن بن بكر/تصنيف ، لجنة من العلماء باشراف الناشر/ضبط ومراجعة, _eauthor _914736 |
|
| 245 | 0 | 0 | _aطبقات المفسرين |
| 250 | _aط1 | ||
| 264 | 3 | 1 | _aبيروت:دار الكتب العلمية ،1983 |
| 300 |
_a157ص _bفهرس الاعلام من ص111-ص159 ،فهرس القبائل والامم والفرق ص 161 ، فهرس الاماكن والبلدان والمياه من ص 162-ص164 ، فهرس الكتب من ص 165-ص157 |
||
| 336 |
_atext _btxt _2rdacontent |
||
| 337 |
_aunmediated _bn _2rdamedia |
||
| 338 |
_avolume _bnc _2rdacarrier |
||
| 650 | 4 |
_aتفسير-مفسرين _914737 |
|
| 999 |
_aA4000 _c7568 _d7568 |
||